| 000 | 00743nam a22001937a 4500 | ||
|---|---|---|---|
| 999 |
_c17352 _d17352 |
||
| 003 | AR-CdUCM | ||
| 008 | 190507b ||||| |||| 00| 0 spa d | ||
| 040 |
_aMUNICIPALIDAD PROVINCIAL DEL CUSCO _cBIBLIOTECA MUNICIPAL DEL CUSCO |
||
| 082 |
_a985.004 / _bM16 |
||
| 100 |
_aMacera, Pablo. _913610 |
||
| 245 | _aTrabajos de historia / | ||
| 260 |
_aLima : _bInstituto Nacional de Cultura, _c1977. |
||
| 300 |
_a460 páginas ; _c17 cm. |
||
| 505 | _aContenido :t.2: Cultura -- Lenguaje y modernismo -- El probabilismo en el Perú -- Iglesia y Economia -- Noticias sobre la enseñanza -- El indio y sus nterpretes... | ||
| 650 |
_aHistoria universal. _91423 |
||
| 650 |
_aEdad antigua. _918713 |
||
| 942 |
_2ddc _cLIBROS |
||
| 945 |
_apjha _d2019-05-08 |
||